| 000 | 00812nam a2200241 i 4500 | ||
|---|---|---|---|
| 001 | 16885 | ||
| 003 | ES-MaACL | ||
| 005 | 20250516063028.0 | ||
| 007 | t| | ||
| 008 | 001120q1958 sp ||||1| spa d | ||
| 040 | _cES-MaACL | ||
| 080 | _a330.862(460):061.3(100)"1958" | ||
| 245 | 0 | 3 | _aEl anarquismo ibérico en el Congreso Anarquista Internacional de 1958. |
| 260 |
_a[S.l. : _bs.n., _c1958?] |
||
| 300 |
_a59 p. ; _c21 cm. |
||
| 650 | 4 |
_aAnarquismo- _zEspaña- _vCongresos y asambleas _99794 |
|
| 711 | 0 |
_aCongreso Anarquista Internacional, _d1958. _cLondres. _9281 |
|
| 852 |
_aES-MaACL _j2157-F-9 _cDEPOF |
||
| 856 |
_uhttps://library.ucsd.edu/dc/object/bb62928115/_1.pdf _yVersión digital en línea |
||
| 942 |
_cFOLLETOS _n0 |
||
| 999 |
_c16885 _d16885 |
||